000 01032nam a2200301 i 4500
001 bg
100 1 _aTwyman, Richard M.
245 1 0 _aBiologia rozwoju /
_cR. M. Twyman ; przekł. zbiorowy pod red. Jerzego Klaga ; zespół tł. Czesław Jura [et al.].
246 _iTyt. oryg.:
_aDevelopmental biology
260 _aWarszawa :
_bWydaw. Naukowe PWN,
_c2003.
300 _aVI, [4], 569, [1] s. :
_bil. ;
_c24 cm.
490 1 _aKrótkie Wykłady
500 _aTyt. oryg.: "Developmental biology" 2001.
504 _aBibliogr. Indeks.
650 9 _aOntogeneza
655 _aPodręczniki akademickie
700 1 _aKlag, Jerzy
_d(1945- ).
_eRed.
700 1 _aJura, Czesław
_d(1927- ).
_eTł.
830 _aKrótkie Wykłady
020 _a8301140216
040 _cBPK
041 1 _apol
_heng
080 _a612.6+591.3+581.3](075.8)
920 _a83-01-14021-6
942 _cKS
008 s pl f |000 0 pol
999 _c44633
_d44633
856 _uhttp://koha.tu.koszalin.pl/cgi-bin/koha/opac-detail.pl?biblionumber=44633
_yKatalog online BPK